La violencia y la construcción del espacio local : un enfoque multidisciplinario : el caso de Navojoa, Sonora, México /

Estudio sobre los factores culturales, sociales, económicos o políticos que han permitido o han incrementado la generación y/o agudización de la violencia en el municipio de Navojoa, Sonora. También se identifican los factores de resiliencia con que los habitantes de la región enfrentan, resisten o...

Cur síos iomlán

Sábháilte in:
Sonraí bibleagrafaíochta
Príomhchruthaitheoir: Palafox Moyers, Carlos Germán (coord.)
Formáid: LEABHAR
Teanga:Spáinnis
Foilsithe / Cruthaithe: Hermosillo, México : México : Universidad de Sonora ; Pearson, 2013, c2013
Ábhair:
Clibeanna: Cuir clib leis
Níl clibeanna ann, Bí ar an gcéad duine le clib a chur leis an taifead seo!

MARC

LEADER 00000nam^a2200000^a^4500
001 000337512
005 20250521000000.0
009 20260310114329.798
020 |a 978-607-32-2219-8 
037 |a Acervo ITESO - Biblioteca 
041 |a ESP 
082 |a 320. 972178  |b PAL 
100 |a Palafox Moyers, Carlos Germán  |e (coord.) 
245 1 3 |a La violencia y la construcción del espacio local :  |b un enfoque multidisciplinario : el caso de Navojoa, Sonora, México /  |c Coord. de C.G. Palafox Moyers. 
264 4 |a Hermosillo, México :  |b Universidad de Sonora ;  |a México :  |b Pearson,  |c 2013, c2013 
300 |a XII, 296 p. 
336 |a texto  |b txt  |2 rdacontenido 
337 |a sin mediación  |b n  |2 rdamedio 
338 |a volumen  |b nc  |2 rdasoporte 
520 |a Estudio sobre los factores culturales, sociales, económicos o políticos que han permitido o han incrementado la generación y/o agudización de la violencia en el municipio de Navojoa, Sonora. También se identifican los factores de resiliencia con que los habitantes de la región enfrentan, resisten o evitan el surgimiento de violencia en los ámbitos cercanos, desde el familiar hasta el escolar y laboral y el comunitario; asimismo, se destacan las estrategias de colaboración con que se cuenta y que pueden ser fortalecidas desde las políticas públicas y los programas gubernamentales para la prevención de la violencia. 
649 |a XX 
650 |a Mujeres -  |z Navojoa, Sonora -  |x Condiciones Sociales y Culturales 
650 |a Mujeres -  |z México -  |x Condiciones Sociales y Culturales 
650 |a Marginación -  |z Navojoa, Sonora 
650 |a Participación Social -  |z Navojoa, Sonora 
650 |a Resiliencia Social -  |x Tema Principal 
650 |a Narcotráfico -  |z Navojoa, Sonora 
650 |a Crimen Organizado -  |z Navojoa, Sonora 
650 |a Violencia -  |z Navojoa, Sonora -  |x Tema Principal 
650 |a Problemas Sociales -  |z Navojoa, Sonora 
650 |a Justicia -  |x Administración -  |z Navojoa, Sonora 
650 |a Seguridad Nacional -  |z Navojoa, Sonora 
650 |a Seguridad Pública -  |z Navojoa, Sonora -  |x Tema Principal 
650 |a Política Social -  |z Navojoa, Sonora 
650 |a Políticas Públicas -  |z Navojoa, Sonora 
650 |a Política -  |z Navojoa, Sonora -  |x Historia -  |y Siglo XXI 
650 |a Navojoa, Sonora -  |x Condiciones Sociales y Culturales 
910 |a Fondo General 
920 |a Impresos - Libros 
930 |a Colección General 
905 |a 101 
901 |a 0500227394  |b IT1  |c ACC  |i C138594  |u 20250521 
902 |a https://opac.biblio.iteso.mx/vufind/Record/000337512